مسند الشاميين / (رقم التسجيلة. 81370)

تفاصيل مارك
000 -الفاتح
حقل البيانات ثابتة الطول 01217nam a22002897a 4500
003 - محدد رقم الضبط
رقم الضبط OSt
005 - وقت وتاريخ اخر تعامل مع التسجيلة
رقم الضبط 20220809142846.0
008 - عناصر البيانات ثابتة الطول - معلومات عامة
حقل البيانات ثابتة الطول 030308s2014 le g 00000 ara dd
020 ## - الرقم الدولى المعيارى للكتب
الرقم الدولى المعيارى للكتاب 9789933232955
040 ## - مصدر الفهرسة
وكالة الفهرسة الأصلية Ma-Un
لغة الفهرسة ara
وكالة النسخ Ma-Un
082 04 - رقم تصنيف ديوى العشرى
رقم التصنيف 237.17
رقم المادة ط س م
رقم الطبعة 21
100 1# - المدخل الرئيسى - إسم شخصى
الإسم الشخصى الطبراني، سليمان بن أحمد بن أيوب،
التواريخ المصاحبة للاسم 260-360 هـ.
245 10 - بيان العنوان
العنوان مسند الشاميين /
بيان المسئوليه,etc تأليف أبي القاسم سليمان بن أحمد بن أيوب اللخمي الطبراني ؛ حققه وخرج أحاديثه حمدي عبد المجيد السلفي.
250 ## - بيان الطبعة
بيان الطبعة ط. 1.
264 ## - النشر, التوزيع, ETC. (IMPRINT)
مكان الناشر او الموزع RDA بيروت :
اسم الناشر او الموزع RDA مؤسسة الرسالة،
تاريخ النشر أو التوزيع 2014
تاريخ النشر هجري 1435.
300 ## - الوصف المادى
التعداد 4 مج. ؛
أبعاد الوعاء 24 سم.
504 ## - تبصرة ببليوجرافية
تبصرة ببليوجرافية,الخ يشتمل على قائمة ببليوجرافية.
650 #7 - المدخل الاضافى بالموضوع-مصطلح موضوعى
مصطلح موضوعي أو اسم جغرافي كعنصر مدخل الحديث
التقسيم الفرعي العام مسند الطبراني
650 #7 - المدخل الاضافى بالموضوع-مصطلح موضوعى
مصطلح موضوعي أو اسم جغرافي كعنصر مدخل الحديث
التقسيم الفرعي العام مسانيد
650 #7 - المدخل الاضافى بالموضوع-مصطلح موضوعى
مصطلح موضوعي أو اسم جغرافي كعنصر مدخل الحديث
التقسيم الفرعي العام جمع وتدوين
650 #7 - المدخل الاضافى بالموضوع-مصطلح موضوعى
مصطلح موضوعي أو اسم جغرافي كعنصر مدخل الحديث رواية
650 #7 - المدخل الاضافى بالموضوع-مصطلح موضوعى
مصطلح موضوعي أو اسم جغرافي كعنصر مدخل الحديث، علوم
650 #7 - المدخل الاضافى بالموضوع-مصطلح موضوعى
مصطلح موضوعي أو اسم جغرافي كعنصر مدخل الحديث
التقسيم الفرعي العام الرواة
700 1# - المدخل الاضافى - اسم شخصى
الإسم الشخصى السلفي، حمدي عبد المجيد
الدور محقق.
952 ## - LOCATION AND ITEM INFORMATION (KOHA)
نوع المادة فى نظام كوها كتاب
952 ## - LOCATION AND ITEM INFORMATION (KOHA)
نوع المادة فى نظام كوها كتاب
952 ## - LOCATION AND ITEM INFORMATION (KOHA)
نوع المادة فى نظام كوها كتاب
952 ## - LOCATION AND ITEM INFORMATION (KOHA)
نوع المادة فى نظام كوها كتاب
952 ## - LOCATION AND ITEM INFORMATION (KOHA)
نوع المادة فى نظام كوها كتاب
952 ## - LOCATION AND ITEM INFORMATION (KOHA)
نوع المادة فى نظام كوها كتاب
952 ## - LOCATION AND ITEM INFORMATION (KOHA)
نوع المادة فى نظام كوها كتاب
952 ## - LOCATION AND ITEM INFORMATION (KOHA)
نوع المادة فى نظام كوها كتاب
952 ## - LOCATION AND ITEM INFORMATION (KOHA)
نوع المادة فى نظام كوها كتاب
952 ## - LOCATION AND ITEM INFORMATION (KOHA)
نوع المادة فى نظام كوها كتاب
952 ## - LOCATION AND ITEM INFORMATION (KOHA)
نوع المادة فى نظام كوها كتاب
952 ## - LOCATION AND ITEM INFORMATION (KOHA)
نوع المادة فى نظام كوها كتاب
952 ## - LOCATION AND ITEM INFORMATION (KOHA)
نوع المادة فى نظام كوها كتاب
952 ## - LOCATION AND ITEM INFORMATION (KOHA)
نوع المادة فى نظام كوها كتاب
952 ## - LOCATION AND ITEM INFORMATION (KOHA)
نوع المادة فى نظام كوها كتاب
952 ## - LOCATION AND ITEM INFORMATION (KOHA)
نوع المادة فى نظام كوها كتاب
535 2# - تبصرة موقع الأصول / النسخ
المالك 3
942 ## -
-- ddc
-- BOOK
المقتنيات
حالة الفقد نموذج السعر الفعال حالة تلف ليس للاعارة تاريخ الاكتساب رقم الطلب رقم النسخة تاريخ الاكتساب الموقع الحالي الباركود الفرع الرئيسي Date last seen مصدر التصنيف او خطة الترفيف Total Checkouts
  2022-08-09   Not For Loan 2022-08-09 237.17 ط س م مج.1 2022-08-09 CL 00184937 المكتبة المركزية بالمجمعة (CL) 2022-08-09 Dewey Decimal Classification  
  2022-08-09     2022-08-09 237.17 ط س م مج.1 2022-08-09 CL 00184938 المكتبة المركزية بالمجمعة (CL) 2022-08-09 Dewey Decimal Classification  
  2022-08-09     2022-08-09 237.17 ط س م مج.1 2022-08-09 CL 00184939 المكتبة المركزية بالمجمعة (CL) 2022-08-09 Dewey Decimal Classification  
  2022-08-09   Not For Loan 2022-08-09 237.17 ط س م مج.2 2022-08-09 CL 00184940 المكتبة المركزية بالمجمعة (CL) 2022-08-09 Dewey Decimal Classification  
  2022-08-09     2022-08-09 237.17 ط س م مج.2 2022-08-09 CL 00184941 المكتبة المركزية بالمجمعة (CL) 2022-08-09 Dewey Decimal Classification  
  2022-08-09     2022-08-09 237.17 ط س م مج.2 2022-08-09 CL 00184942 المكتبة المركزية بالمجمعة (CL) 2022-08-09 Dewey Decimal Classification  
  2022-08-09   Not For Loan 2022-08-09 237.17 ط س م مج.3 2022-08-09 CL 00184943 المكتبة المركزية بالمجمعة (CL) 2022-08-09 Dewey Decimal Classification  
  2022-08-09     2022-08-09 237.17 ط س م مج.3 2022-08-09 CL 00184944 المكتبة المركزية بالمجمعة (CL) 2022-08-09 Dewey Decimal Classification  
  2022-08-09     2022-08-09 237.17 ط س م مج.3 2022-08-09 CL 00184945 المكتبة المركزية بالمجمعة (CL) 2022-08-09 Dewey Decimal Classification  
  2022-08-09   Not For Loan 2022-08-09 237.17 ط س م مج.4 2022-08-09 CL 00184946 المكتبة المركزية بالمجمعة (CL) 2022-08-09 Dewey Decimal Classification  
  2022-08-09     2022-08-09 237.17 ط س م مج.4 2022-08-09 CL 00184947 المكتبة المركزية بالمجمعة (CL) 2022-08-09 Dewey Decimal Classification  
  2022-08-09     2022-08-09 237.17 ط س م مج.4 2022-08-09 CL 00184948 المكتبة المركزية بالمجمعة (CL) 2022-08-09 Dewey Decimal Classification  
  2022-09-29   Not For Loan 2022-09-29 237.17 ط س م مج.1 2022-09-29 SZM 00148936 مكتبة مجمع الكليات بالزلفى - طلاب (SZM) 2022-09-29 Dewey Decimal Classification  
  2022-09-29   Not For Loan 2022-09-29 237.17 ط س م مج.2 2022-09-29 SZM 00148937 مكتبة مجمع الكليات بالزلفى - طلاب (SZM) 2022-09-29 Dewey Decimal Classification  
  2022-09-29   Not For Loan 2022-09-29 237.17 ط س م مج.3 2022-09-29 SZM 00148938 مكتبة مجمع الكليات بالزلفى - طلاب (SZM) 2022-09-29 Dewey Decimal Classification  
  2022-09-29   Not For Loan 2022-09-29 237.17 ط س م مج.4 2022-09-29 SZM 00148939 مكتبة مجمع الكليات بالزلفى - طلاب (SZM) 2022-09-29 Dewey Decimal Classification